| 000 | 01904nam a2200349 c 4500 | ||
|---|---|---|---|
| 999 |
_c126647 _d126647 |
||
| 003 | BLK | ||
| 005 | 20200313090511.0 | ||
| 008 | 180409b bul|||||r ||||||| ||bul|| | ||
| 010 | _aKNG00132335000 | ||
| 040 | _aBLK | ||
| 041 |
_aBUL _cBUL |
||
| 080 |
_aБолести на птици, които се отглеждат от човека, но не се отнасят към домашните птици - декоративни и пойни птици и др. _b636.09:636.6 _x(035) _z636.09:636.6(035) |
||
| 080 |
_aПтици, които се отглеждат от човека. Декоративни и пойни птици _b636.6 _x(035) _z636.6(035) |
||
| 100 | 1 |
_aБесарабов, Борис Филипович _eпърви автор _938747 |
|
| 139 |
_aБесарабов, Борис Филипович _bБ 41 |
||
| 245 | 1 | 0 |
_aБолести по декоративните птици _bРъководство _cБорис Филипович Бесарабов; прев. от рус. Валентин Ст. Зайончковски. |
| 257 | _aSUN | ||
| 260 |
_bЗемиздат _c1989 |
||
| 300 |
_a184 с. _bс ил. _c20 см |
||
| 380 | _a63 | ||
| 490 | 1 | _aПоредица Любител | |
| 500 | _aОриг. загл. Болезни певчих и декоративных птиц / Б. Ф. Бессарабов. - Без тир. | ||
| 650 | 4 |
_aПтици, декоративни - отглеждане и болести _9253612 |
|
| 653 | _aдекоративни птици | ||
| 653 | _aболести при животните | ||
| 700 | 1 |
_aЗайончковски, Валентин Ст. _eпрев. от рус. _968875 |
|
| 852 | _aЦб 161776 | ||
| 856 | 4 | _qpdf | |
| 856 | 4 | _qpdf | |
| 942 |
_cKNG _n0 _s1 |
||
| 944 |
_aCR _c23.07.2012 _l23.07.2012 - от С1,Р / 23.07.2012 _kГеновева_Генчева |
||
| 944 |
_aED _c10.10.2012 _l23.07.2012 - от С1,Р / 23.07.2012 |
||
| 999 | _d126647 | ||